| 000 | 03249nam a22003137i 4500 | ||
|---|---|---|---|
| 003 | URS | ||
| 856 |
_3Online Request for Student Unpublished Works _uhttps://forms.gle/7LqvGGkaDrUQqz429 |
||
| 999 |
_c75678 _d75677 |
||
| 005 | 20240416181629.0 | ||
| 008 | 191111b ||||| |||| 00| 0 eng d | ||
| 041 | _aeng | ||
| 043 | _aa-ph--- | ||
| 050 | 1 | 0 |
_aTJ1185 _b.P83 2018 |
| 245 |
_aPortable drill support _cEmmanuel G. Garcia... [et. al] |
||
| 260 | _cOctober 2018 | ||
| 300 |
_ax, 77 leaves : _billustrations ; _c28 cm |
||
| 336 |
_2rda content _atext |
||
| 337 |
_2rda media _aunmediated |
||
| 338 |
_2rda carrier _avolume |
||
| 502 |
_aThesis _bBachelor of Technology major in Mechanical and Production Technology _cUniversity of Rizal System-Morong _d2018 |
||
| 520 | _aEXECUTIVE SUMMARY: This study aimed to develop portable drill support. Specifically this study sought to design and construct portable drill support, perform try-out and revision, evaluate the acceptability of portable drill support in terms of functionality, design, durability and safety and maintenance. Moreover, this research also studied the level of performance in terms of speed, adaptability, accuracy and to develop user's manual intended for this project. It was conducted at the university of rizal system, morong campus during s.y. 2018-2019. On the design and construction of the portable drill support, the proponents had brainstorming to improve the design and functionality of the project. The researchers constructed device out of locally available materials. Try-out and revision was also done by the researchers during the construction period of the portable drill support. Through try-out and revision, the project reached the functional output and attained its purpose after revising the different defects found. The acceptability of the device in terms of functionality, it was verbally interpreted as very functional as evaluated by the respondents. In terms of design, the device got a verbal interpretation of outstanding as evaluated by the respondents, in terms of design, the device got a verbal interpretation of outstanding as evaluated by the respondents, in terms of durability, the device obtained a verbal interpretation as extremely durable as evaluated by the respondents, and in terms of safety and maintenance, the device attained a verbal interpretation of extremely safe and maintain as evaluated by the respondents. On the level of performance in terms of speed, the device attained verbally interpretation of very fast, in terms of adaptability the device got a verbal interpretation of not capable and in terms of accuracy the device obtained a verbal interpretation of very accurate. The proponents of the study developed a user's manual consisting of different component parts such as the operating procedures, safety precaution and maintenance procedure. The user's manual found out to be useful in operating the said device. | ||
| 650 | 0 | _aMachine shop practice. | |
| 650 | 0 | _aMachine-tools. | |
| 700 |
_aGusi, Kim L. _eauthor |
||
| 700 |
_aObiso, Renel C. _eauthor |
||
| 700 |
_aAmbilon, Bryan A. _eauthor |
||
| 700 |
_aPetrasanta, Christine Alexandra A. _eauthor |
||
| 700 |
_aNatividad, Donato SJ. _edegree supervisor |
||
| 942 |
_2lcc _cT |
||